000 00210nam a2200109Ia 4500
100 _a#N/A
942 _cBK
245 _aThe Last life - changing Experience
260 _b#N/A
546 _aENGLISH
999 _c20440
_d20440